| 000 | 004470000a22001810004500 | ||
|---|---|---|---|
| 003 | MACL | ||
| 005 | 20160123143856.0 | ||
| 008 | 160123b xxu||||| |||| 00| 0 eng d | ||
| 040 |
_aMACL _cMACL |
||
| 041 | _aEnglish | ||
| 082 | _a539.74/PAN | ||
| 100 |
_aPandya, M L _934326 |
||
| 245 | _aElements of Nuclear physics | ||
| 260 |
_bKedar Nath Ram Nath _c2000 _aDelhi |
||
| 350 | _a130 | ||
| 650 |
_aPhysics _934327 |
||
| 942 |
_cBK _k539.74/PAN _2ddc |
||
| 999 |
_c33049 _d33049 |
||